Que c'est il passé en 1998? - Statistiques

Statistiques générales
  • Ce quiz a été pris 65 fois
  • Le résultat moyen est 5 sur 20
Statistiques - réponses
Indice Réponse % Correct
Double buteur en finale de coupe du monde Zinedine Zidane
84%
Pays ayant rejetté un accord de coopération sécuritaire entre ses généraux et les généraux palestiniens. Israël
61%
Pays ayant procédé à des essais d’armes nucléaires Inde
52%
Pays ayant procédé à des essais d’armes nucléaires Pakistan
46%
Pays ayant changé de monnaie le 1er janvier Russie
39%
Ancien leaders des Khmers rouges qui décède cette année là Pol Pot
38%
Personne élu chef suprême de la République en Corée du Nord Kim Jong-il
34%
Lieu d'un accord de paix historique entre catholiques et protestants Belfast
31%
Pays ayant réelu son président: Soeharto. Indonésie
31%
Pays où l'on célèbre le National Sorry Day Australie
28%
Pays africains où ont eu lieu des attentats contre des ambassades américaines en août Kenya
25%
Pays africains où ont eu lieu des attentats contre des ambassades américaines en août Tanzanie
25%
Dictateur chilien arrête au Royaume-Uni Augusto Pinochet
15%
Pays européen où un jour de fête régionale est instaurée Belgique
11%
Lieu de l'exposition universelle Lisbonne
10%
Pays où la monnaie a été fortement dévaluée Colombie
7%
Pays qui a connu une chute importante de sa bourse Hong Kong
2%
Entreprise rachetée par BMW Rolls-Royce
2%
Lieu de la conférence des nations unis sur l'environnement Buenos aires
0%
Président démissionnant du pouvoir en Algérie Liamine Zeroual.
0%
Aucun quiz correspondant
Distribution des résultats
% des personnes avec chaque résultat
Percentile par nombre de réponses
Votre historique - résultats
Vous n’avez pas pris ce quiz